Alle Champions League Sieger - Statistiken

Allgemein
  • Dieses Quiz wurde 315 mal gespielt
  • Das Durchschnittsergebnis liegt bei 59 aus 69
Antwortstatistiken
Jahr Land Verein % Korrekt
2024 Spanien Real Madrid
99%
2022 Spanien Real Madrid
99%
2018 Spanien Real Madrid
99%
2017 Spanien Real Madrid
99%
2016 Spanien Real Madrid
99%
2014 Spanien Real Madrid
99%
2002 Spanien Real Madrid
99%
2000 Spanien Real Madrid
99%
1998 Spanien Real Madrid
99%
1966 Spanien Real Madrid
99%
1960 Spanien Real Madrid
99%
1959 Spanien Real Madrid
99%
1958 Spanien Real Madrid
99%
1957 Spanien Real Madrid
99%
1956 Spanien Real Madrid
99%
2020 Deutschland FC Bayern München
94%
2013 Deutschland FC Bayern München
94%
2001 Deutschland FC Bayern München
94%
1976 Deutschland FC Bayern München
94%
1975 Deutschland FC Bayern München
94%
1974 Deutschland FC Bayern München
94%
2023 England Manchester City
94%
2015 Spanien FC Barcelona
92%
2011 Spanien FC Barcelona
92%
2009 Spanien FC Barcelona
92%
2006 Spanien FC Barcelona
92%
1992 Spanien FC Barcelona
92%
2019 England Liverpool FC
91%
2005 England Liverpool FC
91%
1984 England Liverpool FC
91%
1981 England Liverpool FC
91%
1978 England Liverpool FC
91%
1977 England Liverpool FC
91%
2021 England Chelsea FC
90%
2012 England Chelsea FC
90%
2010 Italien Inter Mailand
90%
1965 Italien Inter Mailand
90%
1964 Italien Inter Mailand
90%
2008 England Manchester United
90%
1999 England Manchester United
90%
1968 England Manchester United
90%
2007 Italien AC Mailand
88%
2003 Italien AC Mailand
88%
1994 Italien AC Mailand
88%
1990 Italien AC Mailand
88%
1989 Italien AC Mailand
88%
1969 Italien AC Mailand
88%
1963 Italien AC Mailand
88%
1995 Niederlande Ajax Amsterdam
88%
1973 Niederlande Ajax Amsterdam
88%
1972 Niederlande Ajax Amsterdam
88%
1971 Niederlande Ajax Amsterdam
88%
1996 Italien Juventus Turin
83%
1985 Italien Juventus Turin
83%
1997 Deutschland Borussia Dortmund
81%
2004 Portugal FC Porto
81%
1987 Portugal FC Porto
81%
1993 Frankreich Olympique Marseille
74%
1983 Deutschland Hamburger SV
72%
1988 Niederlande PSV Eindhoven
70%
1967 Schottland Celtic FC
69%
1991 Serbien Roter Stern Belgrad
59%
1980 England Nottingham Forest
54%
1979 England Nottingham Forest
54%
1970 Niederlande Feyenoord Rotterdam
51%
1982 England Aston Villa
44%
1986 Rumänien Fotbal Club FCSB
23%
1962 Portugal SL Benfica
18%
1961 Portugal SL Benfica
18%
Keine übereinstimmenden Quizze gefunden
Verteilung der Resultate
Anzahl Personen mit jedem Resultat
Perzentil nach korrekt beantworteten Fragen
Ihre Resultats-Entwicklung
Sie haben dieses Quiz noch nicht gespielt